Estadísticas para Capitales de EE. UU. - Sin Pistas

Haz click aquí para tomar la prueba!

Estadísticas generales

  • Esta prueba ha sido tomada 878 veces
  • La puntuación promedio es 23 de 50

Estadísticas de respuestas

EstadoCapital% Correcto
CaliforniaSacramento
81%
TexasAustin
75%
MassachusettsBoston
71%
ColoradoDenver
70%
GeorgiaAtlanta
69%
HawáiHonolulu
65%
ArizonaPhoenix
63%
Nueva YorkAlbany
62%
IndianaIndianápolis
60%
UtahSalt Lake City
59%
OklahomaOklahoma City
57%
MisisipiJackson
53%
OhioColumbus
51%
FloridaTallahassee
51%
AlaskaJuneau
50%
OregónSalem
48%
Nuevo MéxicoSanta Fe
48%
MontanaHelena
47%
LuisianaBaton Rouge
47%
IllinoisSpringfield
47%
IdahoBoise
47%
TennesseeNashville
45%
Dakota del NorteBismarck
44%
WashingtonOlympia
44%
ArkansasLittle Rock
44%
IowaDes Moines
43%
NevadaCarson City
43%
AlabamaMontgomery
42%
MaineAugusta
41%
Carolina del SurColumbia
41%
NebraskaLincoln
41%
Dakota del SurPierre
40%
VirginiaRichmond
39%
WyomingCheyenne
38%
Carolina del NorteRaleigh
38%
MinnesotaSaint Paul
37%
MarylandAnnapolis
37%
Virginia OccidentalCharleston
37%
WisconsinMadison
37%
MisuriJefferson City
36%
KentuckyFrankfort
36%
KansasTopeka
36%
DelawareDover
36%
VermontMontpelier
36%
Nueva JerseyTrenton
34%
MíchiganLansing
33%
PensilvaniaHarrisburg
32%
Rhode IslandProvidence
32%
ConnecticutHartford
31%
Nuevo HampshireConcord
29%

Distribución de puntuación

Porcentaje por número respondido

Porcentaje de gente con cada puntuación

Historial de tus puntuaciones

No has tomado esta prueba